| 000 -ლიდერი |
| ფიქსირებული სიგრძის საკონტროლო ველი |
01262nam a2200253Ia 4500 |
| 001 - საკონტროლო ნომერი |
| საკონტროლო ველი |
20665 |
| 003 - საკონტროლო ნომრის იდენტიფიკატორი |
| საკონტროლო ველი |
GE_BSU |
| 005 - ბოლო ოპერაციის თარიღი და დრო |
| საკონტროლო ველი |
20210301181756.0 |
| 008 - ფიქსირებული სიგრძის მონაცემთა ელემენტები - ზოგადი ინფორმაცია |
| ფიქსირებული სიგრძის საკონტროლო ველი |
181216s2017||||ge |||||||||||||| ||geo|| |
| 020 ## - წიგნის საერთაშორისო სტანდარტული ნომერი |
| International Standard Book Number |
9789941463488 |
| 040 ## - კატალოგიზაციის წყარო |
| Transcribing agency |
GE_BSU |
| 041 ## - ენის კოდი |
| Language code of text/sound track or separate title |
geo |
| 080 ## - უნივერსალური ათობითი კლასიფიკაციის ინდექსი |
| Universal Decimal Classification number |
821.353.1 ფ-32 |
| 100 ## - მთავარი ჩანაწერი - პიროვნების სახელი |
| Personal name |
ფაღავა ბულეზი, ქრისტინე |
| 9 (RLIN) |
10276 |
| 245 ## - ცნობა სათაურის შესახებ |
| Title |
ერთი უჩვეულო ოჯახი : |
| Remainder of title |
ნოე ჟორდანიას შვილიშვილის მოგონებები / |
| Statement of responsibility, etc |
ქრისტინე ფაღავა ბულეზი ; რედ. ნ. გორდელაძე. |
| 264 ## - წარმოების, გამოცემის, დისტრიბუციის და სხვა ცნობები |
| გამოცემის, წარმოების, დისტრიბუციის... ადგილი |
თბილისი : |
| გამოცემის, წარმოების, დისტრიბუციის... სახელწოდება |
არტანუჯი, |
| გამოცემის, წარმოების, დისტრიბუციის... თარიღი |
2017. |
| 300 ## - ფიზიკური აღწერა |
| Extent |
230 გვ. ; |
| Other physical details |
ფოტოები, |
| Dimensions |
23 სმ. |
| 500 ## - ზოგადი შენიშვნა |
| General note |
პირთა საძიებ. : გვ. 223-227 |
| 500 ## - ზოგადი შენიშვნა |
| General note |
გეოგრ. სახელთა საძიებ. : გვ. 228-230 |
| 653 ## - INDEX TERM--UNCONTROLLED |
| Uncontrolled term |
ერთი უჩვეულო ოჯახი |
| 653 ## - INDEX TERM--UNCONTROLLED |
| Uncontrolled term |
ნოე ჟორდანიას შვილიშვილის მოგონებები |
| 700 ## - ADDED ENTRY--PERSONAL NAME |
| Personal name |
გორდელაძე, ნ. |
| Relator term |
რედაქტორი |
| 9 (RLIN) |
10277 |
| 942 ## - ADDED ENTRY ELEMENTS (KOHA) |
| Koha item type |
წიგნი |
| Source of classification or shelving scheme |
|